Povedz mi prečo

Bibliographic Details
Main Author: Fougére, Isabelle (Author)
Other Authors: Almanová, Rachel (Translator)
Format: Book
Language:Slovak
French
PhysicalDescription:107 strán farebné ilustrácie 21 cm 3 listy samolepiek
Published: Bratislava Ikar, a.s. - Stonožka 2018
ISBN:9788055162560
Edition:Druhé vydanie
Subjects:

MARC

LEADER 00000cam a2200000 4500
001 vtls011837756
003 SK-MaSNL
005 20260301100736.0
008 190129s2018 xo a b 001 0 slo
015 |a SNBA2019/03 
020 |a 9788055162560  |q (hrebeňová väzba) 
040 |a SNK  |b slo  |c SNK  |e rda 
041 1 |a slo  |h fre 
044 |a xo  |c SK 
072 7 |a 0/9-053.2  |x Literatúra pre deti a mládež (náučná)  |2 konspekt 
072 7 |a 00  |x Veda. Všeobecnosti. Základy vedy a kultúry. Vedecká práca  |2 konspekt 
080 |a 0/9  |2 2011 
080 |a (0.053.2)  |2 2011 
080 |a (0.062)  |2 2011 
100 1 |a Fougére, Isabelle  |4 aut  |9 433975 
240 1 0 |a Dis-moi pourquoi?  |l Slovensky 
245 1 0 |a Povedz mi prečo  |c Isabelle Fougérová ; z francúzskeho originálu Dis-moi pourquoi? ... preložila Ráchel Almanová 
250 |a Druhé vydanie 
264 1 |a Bratislava  |b Ikar, a.s. - Stonožka  |c 2018 
300 |a 107 strán  |b farebné ilustrácie  |c 21 cm  |e 3 listy samolepiek 
336 |a text  |b txt  |2 rdacontent 
336 |a statický obraz  |b sti  |2 rdacontent 
337 |a bez média  |b n  |2 rdamedia 
338 |a zväzok  |b nc  |2 rdacarrier 
500 |a Nad názvom: Larousse 
500 |a Pevné dosky so zaisťovacou gumičkou 
504 |a Obsahuje register 
650 0 7 |a všeobecnosti a zaujímavosti  |2 SNKPH  |9 4162 
650 0 7 |a všeobecné vedomosti  |2 SNKPH  |9 4163 
650 0 7 |a Facts and features  |2 SNKPHeng  |9 323157 
650 0 7 |a General knowledge  |2 SNKPHeng  |9 100175 
655 7 |a publikácie pre deti  |2 SNKPH  |9 70148 
655 7 |a Publications for children  |2 SNKPHeng  |9 276792 
655 7 |a populárno-náučné publikácie  |2 SNKPH  |9 70460 
655 7 |a Popular works  |2 SNKPHeng  |9 90287 
700 1 |a Almanová, Rachel  |4 trl  |9 361951 
852 |a Štátna vedecká knižnica v Banskej Bystrici 
919 |a 978-80-551-6256-0 
958 |a DB 
958 |a OP 
968 |b FR 
999 |c 687213  |d 689143 
952 |a SNK  |b SNK  |y PREZ  |7 0  |p 17A1361110  |o snkSC 183177  |i snk2019/6584  |8 0  |0 0  |1 0  |4 0  |d 2019-03-11  |l 0  |r 2026-02-23 20:16:11  |w 2026-02-23 
952 |a SNK  |b SNK  |y PREZ  |7 0  |p 17A1361111  |o snkSC 183177 D1  |i snk2019/6585  |8 0  |0 0  |1 0  |4 0  |d 2019-03-11  |l 0  |r 2026-02-23 20:16:11  |w 2026-02-23